Saand Se Yuddha Aur Maut / (Record no. 751836)
[ view plain ]
| 000 -LEADER | |
|---|---|
| fixed length control field | 00405nam a22001337a 4500 |
| 020 ## - INTERNATIONAL STANDARD BOOK NUMBER | |
| ISBN | 9788119899968 |
| 082 ## - DEWEY DECIMAL CLASSIFICATION NUMBER | |
| Classification number | 355 LOR/S |
| 100 ## - MAIN ENTRY--AUTHOR NAME | |
| Personal name | Lorea, Federico Grcia |
| 245 ## - TITLE STATEMENT | |
| Title | Saand Se Yuddha Aur Maut / |
| Statement of responsibility, etc | by Federico Grcia Lorea, Translated by Dr. Prabhati Nautiyal |
| 260 ## - PUBLICATION, DISTRIBUTION, ETC. (IMPRINT) | |
| Place of publication | .- Patna |
| Name of publisher | : Sethuprakashan Pvt Ltd |
| Year of publication | , 2024 |
| 300 ## - PHYSICAL DESCRIPTION | |
| Number of Pages | 301 pages |
| 942 ## - ADDED ENTRY ELEMENTS (KOHA) | |
| Source of classification or shelving scheme | Dewey Decimal Classification |
| Koha item type | Gift |
| Withdrawn status | Lost status | Source of classification or shelving scheme | Damaged status | Not for loan | Home Library | Current Location | Date acquired | Full call number | Accession Number | Price effective from | Koha item type |
|---|---|---|---|---|---|---|---|---|---|---|---|
| Dewey Decimal Classification | Dept. of Political Science | Dept. of Political Science | 27/03/2025 | 355 LOR/S | POL23801 | 29/09/2025 | Gift |
